| 000 | 00744nam a22002657a 4500 | ||
|---|---|---|---|
| 008 | 130825b xxu||||| |||| 00| 0 eng d | ||
| 020 | _a0-07-041183-2 | ||
| 037 |
_a _bbuy _cavailable |
||
| 040 |
_aMBSTU Library _dMBSTU Library |
||
| 082 |
_222 _a004.7 SCC |
||
| 100 | _aSchildt, Herbest | ||
| 110 | _a | ||
| 245 | _aThe Complete Preference | ||
| 250 | _a4th Edition | ||
| 260 |
_aNew Delhi _bMacgrew Hill _c2003 |
||
| 300 |
_a18 cm _b805 page _f10 _g18 cm |
||
| 600 | _aPeripherals | ||
| 610 | _a | ||
| 700 | _aSchildt, Herbest | ||
| 710 | _a | ||
| 270 |
_aNew Delhi _bNew Delhi _dIndia |
||
| 365 |
_b548.00 _d548.00 |
||
| 942 |
_2ddc _cBK |
||
| 999 |
_c615 _d615 |
||